000 00560nam a2200205Ia 4500
005 20250508165503.0
008 008 250505s9999 xx 000 0 hin d
020 _a978-81-8457-493-7
037 _aTextual
040 _aFEDL
_beng
_cFEDL
041 _ahin
_2eng
084 _a370.92, CHA
_qFEDL
100 _aChaube R K
_9780989
245 0 _aVishwa ke pramukh shikshashastri
260 _aJaipur, India
_bPointer Publishers
_c2004
300 _a255p.
365 _aINR
_b600
942 _cTEXL
_h370.92, CHA
999 _c1395380
_d1395380